[Event "Blagoevgrad op"]
[Site "Blagoevgrad"]
[Date "2013.10.02"]
[Round "7"]
[White "Charpidou, Anna"]
[Black "Mandzhukov, Stoyan"]
[Result "0-1"]
[WhiteElo "1663"]
[BlackElo "1959"]
[PlyCount "84"]
[EventDate "2013.09.28"]
[EventType "swiss"]
[EventRounds "9"]
[EventCountry "BUL"]
[SourceTitle "CBM 156 Extra"]
[Source "ChessBase"]
[SourceDate "2013.10.22"]
[SourceVersion "1"]
[SourceVersionDate "2013.10.22"]
[SourceQuality "1"]

1. e4 d5 2. exd5 Nf6 3. d4 Nxd5 4. c4 Nb6 5. Nf3 g6 6. Be2 Bg7 7. Be3 c6 8. Nc3 0-0 9. 0-0 Bg4 10. h3 Bxf3 11. Bxf3 Nxc4 12. Qe2 Nxe3 13. fxe3 e6 14. Rab1 Nd7 15. b4 a6 16. Ne4 Qe7 17. Rfc1 Nf6 18. Nxf6+ Qxf6 19. a4 Bh6 20. b5 axb5 21. axb5 Ra3 22. bxc6 bxc6 23. Rxc6 Bxe3+ 24. Kh1 Bxd4 25. Qc4 Rc3 26. Qb5 Rxc6 27. Bxc6 Be5 28. Rf1 Qg7 29. Re1 Bg3 30. Rf1 Qe5 31. Qb3 Qd6 32. Qf3 Qc7 33. Ba4 Rb8 34. Bb3 Bh4 35. Qe3 Qb6 36. Qf4 Qxb3 37. Qxh4 Qb5 38. Qf4 Rb7 39. Rc1 Qf5 40. Qd4 Rb8 41. Qd6 Qb5 42. Kh2 Ra8 0-1

[Event "Blagoevgrad op"]
[Site "Blagoevgrad"]
[Date "2013.09.28"]
[Round "1"]
[White "Stoyanov, Radoy"]
[Black "Charpidou, Anna"]
[Result "1-0"]
[WhiteElo "2152"]
[BlackElo "1663"]
[PlyCount "55"]
[EventDate "2013.09.28"]
[EventType "swiss"]
[EventRounds "9"]
[EventCountry "BUL"]
[SourceTitle "CBM 156 Extra"]
[Source "ChessBase"]
[SourceDate "2013.10.22"]
[SourceVersion "1"]
[SourceVersionDate "2013.10.22"]
[SourceQuality "1"]

1. Nf3 b6 2. Nc3 Bb7 3. e4 e6 4. d4 Bb4 5. Bd3 Ne7 6. 0-0 0-0 7. Bg5 f6 8. Bd2 Ng6 9. a3 Be7 10. Ne2 e5 11. d5 a5 12. c4 Na6 13. Bc2 Nc5 14. b4 axb4 15. axb4 Na6 16. Rb1 c5 17. b5 Nc7 18. Ng3 Ne8 19. h4 f5 20. exf5 Nxh4 21. Nxe5 Nd6 22. Bc3 Nhxf5 23. Nxf5 Nxf5 24. Qg4 g6 25. Nxg6 Bf6 26. Nxf8+ Kxf8 27. Bxf6 Qxf6 28. Bxf5 1-0

[Event "Kavala op 20th"]
[Site "Kavala"]
[Date "2011.07.31"]
[Round "2"]
[White "Zarkua, Davit"]
[Black "Charpidou, Anna"]
[Result "1-0"]
[WhiteElo "2433"]
[BlackElo "1749"]
[PlyCount "55"]
[EventDate "2011.07.30"]
[EventType "swiss"]
[EventRounds "9"]
[EventCountry "GRE"]
[SourceTitle "CBM 143 Extra"]
[Source "ChessBase"]
[SourceDate "2011.08.29"]
[SourceVersion "1"]
[SourceVersionDate "2011.08.29"]
[SourceQuality "1"]

1. Nf3 Nf6 2. g3 b6 3. Bg2 Bb7 4. c4 e6 5. 0-0 Be7 6. d4 0-0 7. Nc3 Na6 8. Re1 c5 9. d5 exd5 10. Nh4 Ne4 11. Nxd5 Bxh4 12. Bxe4 Rb8 13. gxh4 Qxh4 14. Bg2 Rfe8 15. Bf4 d6 16. e4 Bxd5 17. Bg3 Qf6 18. cxd5 c4 19. Qa4 Nc5 20. Qxc4 h5 21. b4 h4 22. bxc5 hxg3 23. hxg3 bxc5 24. Rab1 g5 25. Qa6 Rb2 26. Rxb2 Qxb2 27. Qxd6 c4 28. Qc6 1-0